000 00366 a2200169 4500
001 69378
020 _a8508097638
040 _cAnchieta - Itaigara
100 _aCadier, Florence
240 1 0 _aEntre duas casas
_lpor
245 1 0 _aEntre duas casas
300 _a103
362 0 _a2005
440 1 _aÁtica
650 4 _aLiteratura infanto-juvenil
942 _cBK
999 _c69378
_d69378